000 00548nam a2200169 i 4500
001 133464
003 ES-MaACL
005 20230906194421.0
007 t|
008 070814s1961 sp ||||1| spa d
100 1 _aDe Wohl, Louis.
_943085
245 1 0 _aFrancisco de Asís
_b: novela /
_cLouis de Wohl ; versión directa del alemán.
260 _aSan Sebastián :
_bDinor,
_c1961 (
_eBurgos :
_fAldecoa)
300 _a391 p. :
_bil. ;
_c24 cm.
600 0 4 _aFrancisco de Borja
_cSanto-
_vNovelas.
_952192
852 _aES-MaACL
_jC-20926
_bR.49325
999 _c133464
_d133464